Statistics for Modern nations that lay on the grounds of ancient civilizations

Click here to take the quiz!

General Stats

  • This quiz has been taken 209 times
  • The average score is 8 of 12

Answer Stats

Ancient civilizationsAnswer% Correct
Han DynastyChina
96%
BabyloniaIraq
95%
Incan empirePeru
94%
CórdobaSpain
83%
East FranciaGermany
78%
ElamIran
76%
RumTurkey
71%
PhoeniciaLebanon
70%
Rouran KhanateMongolia
64%
ChampaVietnam
40%
SillaSouth Korea
31%
ArakanMyanmar
20%

Score Distribution

Percentile by Number Answered

Percent of People with Each Score

Your Score History

You have not taken this quiz